000 01174nam a2200217Ia 4500
003 Ost
005 20260507075117.0
008 260507s9999||||xx |||||||||||||| ||und||
040 _cfsecg
041 _aara
082 _a332.642
100 _aالداغر، محمود محمد
_eمؤلف
245 0 _aالأسواق المالية :
_bمؤسسات- أوراق-بورصات /
_c محمود محمد الداغر
260 _aعمان:
_bدار الشروق للنشر والتوزيع,
_c2005
300 _a327 صفحة؛
_bإيضاحات ؛
_c25 سم
504 _aالمراجع ص.325
520 _aالأسواق والمؤسسات المالية- مدخل نظري لفهم الأسواق المالية- السوق المالية وتقسيماتها- المؤسسات المالية- الأوراق المالية والمشتقات المالية وتقويمها- العوائد، المخاطر للورقة والمحفظة- أسواق الأوراق المالية- مؤشرات الأسواق الأوراق المالية- البورصات العربية
653 _aالأسواق المالية
653 _aالبورصات
942 _cكتاب
999 _c43027
_d43027